| 000 | 00609nam a2200193Ia 4500 | ||
|---|---|---|---|
| 999 |
_c36822 _d36822 |
||
| 001 | 2765 | ||
| 003 | GE_BSU | ||
| 005 | 20230406161413.0 | ||
| 008 | 181216s1954||||ru |||||||||||||| ||rus|| | ||
| 040 | _cGE_BSU | ||
| 080 | _a512+515.1 П-64 | ||
| 100 |
_aПонтрягин, Л.С. _917528 |
||
| 245 |
_aНепрерывные группы / _cЛ.С. Понтрягин. |
||
| 250 | _aИзд.2-е, перер. и доп. | ||
| 264 |
_aМосква : _bГостехиздат, _c1954. |
||
| 300 |
_a515 стр.; _b22см. |
||
| 653 | _aუმაღლესი მატემატიკა | ||
| 942 |
_cBK _2udc |
||